Projektové riadenie a jeho realizácia v podmienkach SE, a.s. Atómové elektrárne Bohunice, z. Jaslovské Bohunice : Diplomová práca

Saved in:
Bibliographic Details
Main Author: Lehen, Peter (Author)
Other Authors: Ončáková, Eva (xxx)
Format: Manuscript Book
Language:Slovak
Published: Trnava : STU v Bratislave MtF KPIM, 2005
Subjects:
Tags: Add Tag
No Tags, Be the first to tag this record!

MARC

LEADER 00000ntm a22000003a 4500
001 stu94578
005 20160719154453.8
008 050620s2005----xo------------------slo-d
040 |a STU  |b slo 
041 0 |a slo 
044 |a xo 
100 1 |a Lehen, Peter  |4 aut 
245 1 |a Projektové riadenie a jeho realizácia v podmienkach SE, a.s. Atómové elektrárne Bohunice, z. Jaslovské Bohunice :  |b Diplomová práca 
260 |a Trnava :  |b STU v Bratislave MtF KPIM,  |c 2005 
300 |a 71 s  |c 1 disketa 
650 7 |a priemyselné inžinierstvo a manažment  |2 stusub 
650 7 |a projektový manažment  |2 stusub 
700 1 |a Ončáková, Eva  |4 xxx 
996 |b 284M052193  |c M*DP-5698  |l MMSKP  |s P  |a 0  |w stu94578_0001